000 00571nam a2200229Ia 4500
003 OSt
005 20221005122259.0
006 a|||||r|||| 00| 0
007 ta
008 221004b |||||||| |||| 00| 0 urd d
024 _a12381
037 _cTextual
040 _aCRL
_cCRL
_burd
041 _2urd
_aurd
082 _aO168,1M73,1, H0
100 _aSuroor Jahanabadi
_9631759
245 0 _aJaam-e-suroor
260 _c1940
650 _aURDU POETRY
942 _hO168,1M73,1, H0
_cTEXL
_2cc
999 _c1043819
_d1043819